Management practices of electronic resources in an academic library
Uskladnenie a archivácia elektronických dokumetov v akademických knižniciach. Klasický fond periodík a externé informačné zdroje. Ochrana autorského zákona pre materiály, ktoré by sa mali uvoľniť k voľnému užívaniu používateľov knižníc.
Salvato in:
| Autore principale: | |
|---|---|
| Natura: | Capitolo di libro |
| Lingua: | inglese |
| Soggetti: | |
| Tags: |
Nessun Tag, puoi essere il primo ad aggiungerne!!
|
MARC
| LEADER | 00000nla a2200000 4500 | ||
|---|---|---|---|
| 001 | 0167992 | ||
| 005 | 20190723124947.0 | ||
| 041 | 0 | |a eng | |
| 044 | |a SK | ||
| 245 | 1 | 0 | |a Management practices of electronic resources in an academic library |c Ján Badura |
| 520 | |a Uskladnenie a archivácia elektronických dokumetov v akademických knižniciach. Klasický fond periodík a externé informačné zdroje. Ochrana autorského zákona pre materiály, ktoré by sa mali uvoľniť k voľnému užívaniu používateľov knižníc. | ||
| 610 | 2 | 0 | |a knižnice |
| 610 | 2 | 0 | |a periodiká |
| 610 | 2 | 0 | |a zdroje informačné elektronické |
| 610 | 2 | 0 | |a dokumenty elektronické |
| 610 | 2 | 0 | |a archívy |
| 610 | 2 | 0 | |a používatelia |
| 100 | 1 | |a Badura, Ján | |